LIBRARY & INFORMATION CENTRE, KCAET, TAVANUR

ONLINE PUBLIC ACCESS CATALOGUE (OPAC)

Principles of electronic devices and circuits (Analog and digital) (Record no. 13895)

MARC details
000 -LEADER
fixed length control field 00366nam a22001457a 4500
020 ## - INTERNATIONAL STANDARD BOOK NUMBER
ISBN 9788121921992
082 ## - DEWEY DECIMAL CLASSIFICATION NUMBER
Classification number 621.3815
Item number THE/PR
100 ## - MAIN ENTRY--AUTHOR NAME
Personal name Theraja, B.L
245 ## - TITLE STATEMENT
Title Principles of electronic devices and circuits (Analog and digital)
250 ## - EDITION STATEMENT
Edition statement rev
260 ## - PUBLICATION, DISTRIBUTION, ETC. (IMPRINT)
Place of publication New Delhi
Name of publisher S.Chand & Company
Year of publication 2012
300 ## - PHYSICAL DESCRIPTION
Number of Pages 593
700 ## - ADDED ENTRY--PERSONAL NAME
Personal name Sedha,R.S
942 ## - ADDED ENTRY ELEMENTS (KOHA)
Koha item type Books
Holdings
Withdrawn status Lost status Damaged status Collection code Home library Current library Shelving location Date acquired Source of acquisition Cost, normal purchase price Full call number Accession Number Koha item type
      Non-fiction KAUAET KAUAET General Stacks 30/03/2013 Calicut Book Distributors 300.00 621.3815 THE/PR 23718 Books
free website counter